[Event "GER-chT U12"]
[Site "Magdeburg"]
[Date "2021.08.05"]
[Round "1.8"]
[White "Mende, Alexander"]
[Black "Daugavet, Roman"]
[Result "0-1"]
[WhiteElo "866"]
[BlackElo "1182"]
[PlyCount "100"]
[EventDate "2021.08.04"]
[EventType "team-swiss"]
[EventRounds "7"]
[EventCountry "GER"]
[SourceTitle "EXT 2022"]
[Source "ChessBase"]
[SourceDate "2021.10.06"]
[SourceVersion "1"]
[SourceVersionDate "2021.10.06"]
[SourceQuality "1"]
[WhiteTeam "Fritzdorf"]
[BlackTeam "Muenchen Tarrasch"]
[WhiteTeamCountry "GER"]
[BlackTeamCountry "GER"]

1. e4 e5 2. Nf3 Nc6 3. Bc4 Bc5 4. Nc3 d6 5. h3 Nf6 6. 0-0 0-0 7. d3 h6 8. Be3 Bb6 9. a3 Be6 10. Nd5 Bxd5 11. Bxd5 Nxd5 12. exd5 Ne7 13. c4 Nf5 14. Bxb6 axb6 15. d4 exd4 16. Nxd4 Nxd4 17. Qxd4 Re8 18. Rfe1 Qd7 19. Re3 Rxe3 20. fxe3 Re8 21. Re1 Qe7 22. Kf2 Qg5 23. Qf4 Qg6 24. Qg4 Qf6+ 25. Kg1 Qxb2 26. Qd7 Rf8 27. Qxc7 Qd2 28. Kf1 Qd3+ 29. Kf2 Qxa3 30. Qxb6 Qa2+ 31. Re2 Qxc4 32. Qxb7 f5 33. Qc6 Qb4 34. Rc2 f4 35. Rc4 Qd2+ 36. Kg1 Qxe3+ 37. Kh2 Qg3+ 38. Kg1 f3 39. Rc2 f2+ 40. Rxf2 Qxf2+ 41. Kh1 Qe1+ 42. Kh2 Qe5+ 43. Kg1 Qe1+ 44. Kh2 Rf1 45. Qc8+ Kh7 46. Qc2+ Kg8 47. Qc8+ Kf7 48. Qd7+ Qe7 49. Qb5 Qe5+ 50. g3 Rf2+ 0-1